| 000 | 01952cam a2200421 4500 | ||
|---|---|---|---|
| 001 | 23435 | ||
| 003 | BD-RjUL | ||
| 005 | 20211209000929.0 | ||
| 008 | 140310r19611907enk b 001 0deng | ||
| 035 | _a(BD-RjUL) 23500 | ||
| 035 | _a7834188 | ||
| 040 |
_aDLC _cCCC _dOCoLC _dDLC _dBD-RjUL _beng |
||
| 041 | _aeng | ||
| 082 | 0 | 4 |
_a854 _bMAD 1961 |
| 100 | 1 |
_aMazzini, Giuseppe, _d1805-1872. _972179 |
|
| 245 | 1 | 4 |
_aThe duties of man and other essays / _cby Joseph Mazzini. |
| 246 | 1 | 5 | _aMazzini's essays |
| 260 |
_aLondon ; _bJ.M. Dent & Sons, Ltd. ; _aNew York : _bE.P. Dutton & Co., Inc., _cc1907 [reprinted 1961]. |
||
| 300 |
_a4 p. l., vii-xxxvii, 336 p. ; _c18 cm. |
||
| 490 | 1 |
_aEveryman's library. Essays and belles lettres ; _v[224] |
|
| 500 | _a... the first [essay] has been translated ... by Miss Ella Noyes, the last appeared originally in the Fortnightly review, June 1870, from the pen of Miss L. Martineau, the remaining five are reprinted from "Essays by Joseph Mazzini, most of them translated for the first time by Thomas Okey. Edited with an introduction by Bolton King."--cf. 4th prelim. leaf. | ||
| 500 | _a"First issue of this edition: 1907; reprinted: 1919, 1912" | ||
| 500 | _a"Introduction by Thomas Jones." | ||
| 504 | _aincludes index. | ||
| 505 | 0 | _aTo the Italian working class --The duties of man --Interests and principles --Faith and the future --The patriots and the clergy --To the Italians --Thoughts on the French revolution of 1789 --From the council to God. | |
| 650 | 0 |
_aEthics. _972180 |
|
| 650 | 0 |
_aDuty. _971669 |
|
| 651 | 0 |
_aItaly _xPolitics and government. _972181 |
|
| 830 | 0 |
_v[224] _972190 |
|
| 700 | 1 |
_aJones, Thomas, _d1870-1955. _972183 |
|
| 700 | 1 |
_aOkey, Thomas, _d1852-1935. _972184 |
|
| 700 | 1 |
_aNoyes, Ella, _d1863-1949. _972185 |
|
| 700 | 1 |
_aMartineau, L.(hbk.) _972186 |
|
| 830 | 0 |
_aEveryman's library. _972191 |
|
| 942 |
_2ddc _cBK |
||
| 999 |
_c23435 _d23435 |
||